| 000 | 00760nam a22002297i 4500 | ||
|---|---|---|---|
| 999 |
_c22806 _d22806 |
||
| 003 | AR-CdUCM | ||
| 008 | 240320b20232023pe ||||| |||| 00| 0 spa d | ||
| 020 | _a978-612-49266-3-1 | ||
| 040 |
_aMUNICIPALIDAD PROVINCIAL DEL CUSCO _cBIBLIOTECA MUNICIPAL DEL CUSCO |
||
| 041 | _hspa | ||
| 082 |
_2Tercera Edición _a869.57 / O742H _bO742H |
||
| 100 |
_aOrtiz Campos, Marlo Nino _949507 |
||
| 245 | _aLa Huida / | ||
| 260 |
_aTarapoto-San Martin : _bAsociación Cultural Redes Literarias, _c2023 |
||
| 300 |
_a91 páginas. : _c21 cm. |
||
| 505 | _aLa develación -- Otra vida -- El encuentro -- La pluma -- Niño grande | ||
| 650 |
_aLa huida _949511 |
||
| 650 |
_aLa fuga _949512 |
||
| 650 |
_aOtra vida _949513 |
||
| 942 |
_2ddc _cLIBROS |
||
| 945 |
_apbj _d2023 |
||